غنية الفقير في حكم حج الأجير / (رقم التسجيلة. 128258)

تفاصيل مارك
000 -الفاتح
عناصر البيانات ثابتة الطول 00924cam a2200205 i 4500
005 - تاريخ ووقت آخر معاملة
حقل ضبط 20251210103421.0
008 - عناصر البيانات ثابتة الطول
عناصر البيانات ثابتة الطول 250721s2013 jo gr 000 0 ara d
020 ## - الترقيم الدولي المعياري للكتب (ردمك)
الترقيم الدولي المعياري للكتب (ردمك) 9789957490751
082 14 - رقم تصنيف ديوي العشري
رقم التصنيف 216.25
رقم المادة م ك ي
100 1# - مدخل رئيسي – اسم شخصي
الاسم الشخصي المكي الشافعي، فخر الدين أبي بكر بن علي بن ظهيرة
تواريخ خاصة بالشخص (ت/889ه -1484م)،
علاقة الشخص بالعمل/ دوره مؤلف.
245 10 - بيان العنوان
العنوان غنية الفقير في حكم حج الأجير /
بيان المسؤولية تأليف الشيخ فخر الدين ابي بكر بن علي بن محمد بن ظهيره الشافعي المكي ؛ دراسه وتحقيق ياسر سلامه ابو طعمه.
264 31 - بيانات النشر، التوزيع…إلخ
مكان النشر، التوزيع...إلخ عمان :
اسم الناشر، الموزع...إلخ وزارة الثقافة،
تاريخ النشر، التوزيع...إلخ 2013.
300 ## - الوصف المادي
عدد الوحدات المكونة للوعاء 299 صفحه.
650 17 - مدخل إضافي بالموضوع - مصطلح موضوعي
مصطلح موضوعي أو اسم جغرافي كعنصر مدخل الحج.
650 17 - مدخل إضافي بالموضوع - مصطلح موضوعي
مصطلح موضوعي أو اسم جغرافي كعنصر مدخل العبادة.
650 17 - مدخل إضافي بالموضوع - مصطلح موضوعي
مصطلح موضوعي أو اسم جغرافي كعنصر مدخل الأماكن المقدسة.
700 1# - مدخل إضافي - اسم شخصي
الاسم الشخصي أبو طعمة، ياسر سلامة
علاقة الشخص بالعمل/ دوره محقق
942 ## - بيانات إضافية (كوها)
نوع التنصيف Dewey Decimal Classification
نوع المادة (كوها) كتب
المقتنيات
حالة السحب حالة الفقدان مصدر التصنيف حالة التلف غير قابل للإعارة المكتبة الرئيسية المكتبة الحالية موقع الرف تاريخ التزويد الرقم المتسلسل Total Checkouts رقم الإستدعاء الباركود تاريخ آخر ظهور تاريخ الفاتورة نوع المادة (كوها)
    Dewey Decimal Classification     المكتبة المركزية المكتبة المركزية الإعارة 28/07/2025 1566675   216.25 / م ك ي PLD00292508 28/07/2025 28/07/2025 كتب
    Dewey Decimal Classification     المكتبة المركزية المكتبة المركزية مقتنيات قسم التزويد 28/07/2025 1566676   216.25/مكي   28/07/2025 28/07/2025 كتب
    Dewey Decimal Classification     المكتبة المركزية المكتبة المركزية مقتنيات قسم التزويد 28/07/2025 1566677   216.25/مكي   28/07/2025 28/07/2025 كتب
    Dewey Decimal Classification     المكتبة المركزية المكتبة المركزية مقتنيات قسم التزويد 28/07/2025 1566678   216.25/مكي   28/07/2025 28/07/2025 كتب
    Dewey Decimal Classification     المكتبة المركزية المكتبة المركزية مقتنيات قسم التزويد 28/07/2025 1739583   216.25/مكي   28/07/2025 28/07/2025 كتب
    Dewey Decimal Classification     مكتبة أبو علندا العامة مكتبة أبو علندا العامة الإعارة 03/02/2014 1566689   216.25/مكي PLD00292558 28/07/2025 03/02/2014 كتب
    Dewey Decimal Classification     مكتبة أم قصير والمقابلين العامة مكتبة أم قصير والمقابلين العامة الإعارة 03/02/2014 1566686   216.25/مكي PLD00292555 28/07/2025 03/02/2014 كتب
    Dewey Decimal Classification     مكتبة الاميرة بديعة مكتبة الاميرة بديعة الإعارة 03/02/2014 1566682   216.25/مكي PLD00292551 28/07/2025 03/02/2014 كتب
    Dewey Decimal Classification     مكتبة الجويدة مكتبة الجويدة الإعارة 03/02/2014 1566684   216.25/مكي PLD00292553 28/07/2025 03/02/2014 كتب
    Dewey Decimal Classification     مكتبة الحسن العامة مكتبة الحسن العامة الإعارة 03/02/2014 1566681   216.25/مكي PLD00292550 28/07/2025 03/02/2014 كتب
    Dewey Decimal Classification     مكتبة حمزة العامة مكتبة حمزة العامة الإعارة 03/02/2014 1566687   216.25/مكي PLD00292556 28/07/2025 03/02/2014 كتب
    Dewey Decimal Classification     مكتبة وادي السير العامة مكتبة وادي السير العامة الإعارة 03/02/2014 1566688   216.25/مكي PLD00292557 28/07/2025 03/02/2014 كتب
    Dewey Decimal Classification     مكتبةمؤتة مكتبةمؤتة الإعارة 03/02/2014 1566685   216.25/مكي PLD00292554 28/07/2025 03/02/2014 كتب
Implemented & Customized by: BBB with SCIT (Smart Chains for Information Technology)

Powered by Koha